000 00997cab a2200289 4500
001 ABS51348
008 090401t1994 xxu||||| |||| 00| 0 eng d
035 _a(Sirsi) u22890
041 _aeng
100 _aCottam, G.
245 _aWhen the wording is a burning issue
260 _c1994
350 _a0
490 _aConstruction News
_v(6383) 22 September 1994, 16-17(2)
520 _aDiscusses the interpretation of liability clauses in the light of the "National Trust .. v Haden Young Ltd" and the revision of the JCT Agreement for Minor Building Works by Amendment MW8: 1994 intended to cover the points raised in this case.
650 _aCONTRACT CLAIMS
650 _aCONTRACTUAL LIABILITY
650 _aFIRE DAMAGE
650 _aJCT AGREEMENT FOR MINOR BUILDING WORKS
650 _aLIABILITY
650 _aNATIONAL TRUST
650 _aNEGLIGENCE
650 _aUPPARK HOUSE
690 _aBUILT ENVIRONMENT-BUILDING CONTRACT FORMS
942 _n0
948 _c04/03/1997
999 _c15346
_d15346